00352nam a2200109Ia 4500008004000000020001800040082001600058100004300074245007800117260003900195300000800234210210b1989 xxu||||| |||| 00| 0 eng d a0 19 507910 8 a302.23 MCLG aMcLUHAN (Marshall) & POWERS (Bruce R). aGlobal village transformations in world life & media in the 21st century. aNYbOxford University Press.c1989 a220